000
00267nam a22001217a 4500
020
_a
1-55512-095-4
082
_a
621.391 INT'E
100
_a
INTEL
_9
59936
245
_a
EMBEDDED APPLICATIONS HANDBOOK
260
_a
USA
_b
INTEL
_c
1990
300
_a
9-96P
942
_c
BK
999
_c
575560
_d
575560